Mean field description of nuclei
Shranjeno v:
| Glavni avtor: | |
|---|---|
| Format: | Knjiga |
| Jezik: | Undetermined |
| Izdano: |
New Delhi
Narosa Publishing House
2006
|
| Teme: | |
| Oznake: |
Označite
Brez oznak, prvi označite!
|
| Thư viện lưu trữ: | Trung tâm Học liệu Trường Đại học Cần Thơ |
|---|
| LEADER | 00522nam a2200193Ia 4500 | ||
|---|---|---|---|
| 001 | CTU_128641 | ||
| 008 | 210402s9999 xx 000 0 und d | ||
| 020 | |c 1495000 | ||
| 082 | |a 539.7 | ||
| 082 | |b G187 | ||
| 100 | |a Gambhir, Y.K. | ||
| 245 | 0 | |a Mean field description of nuclei | |
| 245 | 0 | |c Y. K. Gambhir | |
| 260 | |a New Delhi | ||
| 260 | |b Narosa Publishing House | ||
| 260 | |c 2006 | ||
| 650 | |a nuclear structure,many-body problem | ||
| 904 | |i Năm | ||
| 980 | |a Trung tâm Học liệu Trường Đại học Cần Thơ | ||